| 000 | 01007nac a22002651u 4500 | ||
|---|---|---|---|
| 008 | 090302t xxu||||| |||| 00| 0 eng d | ||
| 010 | _a 2003267029 | ||
| 020 | _a9780132067423 | ||
| 020 | _a0132067420 | ||
| 082 | 0 | 4 |
_a621.3822 _bPHI _222 |
| 100 |
_95406 _aPhillips, Charles L. |
||
| 245 | 1 | 0 |
_aSignals, Systems, and Transforms / _cCharles L. Phillips, John M. Parr, Eve A. Riskin. |
| 250 |
_a4th ed. _bPearson international edition. |
||
| 260 |
_aUpper Saddle River, N.J. : _bPrentice Hall, _cc2008. |
||
| 300 |
_axx, 772 p. : _bill. ; _c24 cm. |
||
| 504 | _aIncludes bibliographical references and index. | ||
| 650 | 0 |
_aSignal processing _xMathematical models. _95407 |
|
| 650 | 0 |
_aSystem analysis. _95409 |
|
| 653 |
_bEle _cFebruary2013 |
||
| 655 |
_95405 _aSignals and Systems- Year 1 _vtext book _xEngineering _ySemester 2. 2008/2009 |
||
| 650 | 0 |
_95408 _aTransformations (Mathematics) |
|
| 700 | 1 |
_aParr, John M. _95410 |
|
| 700 | 1 |
_aRiskin, Eve A. _95411 |
|
| 942 |
_cBB _k621.3822PHI _2ddc |
||
| 999 |
_c10994 _d10994 |
||